000 00661cam a22002417a 4500
001 sjds3783200
003 sjds
005 20230209215102.0
008 840619s1981 mx a 000 0 spa
010 _a 83463600
020 _a9683900046
020 _a9789683900043
040 _aDLC
_cDLC
_dDLC
041 _aspa
050 0 0 _aMLCS 84/8011 (P)
100 1 _aUrrutia, Cristina.
245 1 3 _aEl maĆ­z /
_ctexto, Cristina Urrutia, Marcial Camilo ; ilustraciones, Marcial Camilo.
260 _aMexico, D.F. :
_bPatria,
_c c1992
300 _a[22] p. :
_bcol. ill. ;
_c21 cm.
490 0 _aColeccion Pinata
490 0 _aSerie La flora
942 _cBK
999 _c27497
_d27497